| 000 | 00929nam a2200241Ia 4500 | ||
|---|---|---|---|
| 003 | OSt | ||
| 005 | 20220923212053.0 | ||
| 006 | a|||||r|||| 00| 0 | ||
| 007 | ta | ||
| 008 | 220922b |||||||| |||| 00| 0 hin d | ||
| 024 | _a150,541 | ||
| 037 | _cTextual | ||
| 040 |
_aARTS _cARTS _bhin |
||
| 041 |
_2hin _ahin |
||
| 082 | _aB978.2, 152L6 | ||
| 100 |
_aभारत, अन्तरिक्ष विभग, बंगलौर _9162060 |
||
| 245 | 0 |
_aभरतीय उपग्रह आर्यभट्ट _b परियोजन की डायरी से |
|
| 246 | _aBharatīya upagrah āryabhaṭṭa: pariyojan kī ḍāyarī se | ||
| 260 |
_aदिल्ली _b प्रकाशन विभग _c1976 |
||
| 300 |
_a72 पृ. ] fp=koyh _ccm. |
||
| 942 |
_hB978.2, 152L6 _cTEXL _2CC |
||
| 999 |
_c306221 _d306221 |
||